[Event "Stay Safe Play From Home 325"]
[Site "Mustafa Kemal Atatürk"]
[Date "2020.07.23"]
[Round "5"]
[White "Mepe_Nika"]
[Black "AChessPlayer"]
[Result "1-0"]
[WhiteElo "2362"]
[BlackElo "2372"]
[PlyCount "81"]
[EventDate "2020.07.23"]
[EventType "swiss (blitz)"]

1. g3 {[%emt 0:00:01]} d6 {[%emt 0:00:02]} 2. Bg2 {[%emt 0:00:00]} g6 {[%emt 0:00:00]} 3. c4 {[%emt 0:00:01]} Bg7 {[%emt 0:00:00]} 4. Nc3 {[%emt 0:00:00]} Nf6 {[%emt 0:00:00]} 5. d3 {[%emt 0:00:01]} O-O {[%emt 0:00:00]} 6. Bd2 {[%emt 0:00:00]} e5 {[%emt 0:00:02]} 7. Qc1 {[%emt 0:00:01]} c6 {[%emt 0:00:01]} 8. Bh6 {[%emt 0:00:01]} Qe7 {[%emt 0:00:02]} 9. h4 {[%emt 0:00:01]} Ng4 {[%emt 0:00:01]} 10. Bxg7 {[%emt 0:00:01]} Kxg7 {[%emt 0:00:00]} 11. Nf3 {[%emt 0:00:01]} h6 {[%emt 0:00:01]} 12. O-O {[%emt 0:00:01]} Nd7 {[%emt 0:00:01]} 13. b4 {[%emt 0:00:01]} Re8 {[%emt 0:00:06]} 14. b5 {[%emt 0:00:00]} Nf8 {[%emt 0:00:01]} 15. a4 {[%emt 0:00:01]} Bd7 {[%emt 0:00:00]} 16. Rb1 {[%emt 0:00:01]} Ne6 {[%emt 0:00:00]} 17. e3 {[%emt 0:00:02]} Rab8 {[%emt 0:00:01]} 18. Nd2 {[%emt 0:00:01]} f5 {[%emt 0:00:01]} 19. a5 {[%emt 0:00:02]} a6 {[%emt 0:00:03]} 20. Qc2 {[%emt 0:00:07]} g5 {[%emt 0:00:01]} 21. hxg5 {[%emt 0:00:02]} Qxg5 {[%emt 0:00:02]} 22. bxa6 {[%emt 0:00:00]} Qh5 {[%emt 0:00:01]} 23. Rfc1 {[%emt 0:00:03]} Qh2+ {[%emt 0:00:02]} 24. Kf1 {[%emt 0:00:01]} bxa6 {[%emt 0:00:00]} 25. Rxb8 {[%emt 0:00:02]} Rxb8 {[%emt 0:00:01]} 26. Nf3 {[%emt 0:00:00]} Qh5 {[%emt 0:00:03]} 27. Rb1 {[%emt 0:00:01]} Qe8 {[%emt 0:00:02]} 28. Rb6 {[%emt 0:00:02]} Qd8 {[%emt 0:00:02]} 29. Qb2 {[%emt 0:00:02]} Rxb6 {[%emt 0:00:02]} 30. axb6 {[%emt 0:00:01]} Qb8 {[%emt 0:00:02]} 31. Ne2 {[%emt 0:00:03]} Bc8 {[%emt 0:00:01]} 32. d4 {[%emt 0:00:01]} Bb7 {[%emt 0:00:02]} 33. c5 {[%emt 0:00:02]} dxc5 {[%emt 0:00:02]} 34. dxe5 {[%emt 0:00:01]} c4 {[%emt 0:00:01]} 35. Nf4 {[%emt 0:00:02]} Qf8 {[%emt 0:00:04]} 36. Nxe6+ {[%emt 0:00:02]} Kf7 {[%emt 0:00:00]} 37. Nxf8 {[%emt 0:00:00]} Kxf8 {[%emt 0:00:00]} 38. e6 {[%emt 0:00:01]} Ke7 {[%emt 0:00:00]} 39. Qg7+ {[%emt 0:00:01]} Kxe6 {[%emt 0:00:00]} 40. Qxb7 {[%emt 0:00:00]} c3 {[%emt 0:00:00]} 41. Qxc6+ {[%emt 0:00:01] AChessPlayer resigns (Lag: Av=0.50s, max=1.0s)} 1-0

[Event "Stay Safe Play From Home 325"]
[Site "Mustafa Kemal Atatürk"]
[Date "2020.07.23"]
[Round "5"]
[White "Lamborghini"]
[Black "Sfantul321"]
[Result "1-0"]
[WhiteElo "2236"]
[BlackElo "2059"]
[Annotator "NA"]
[PlyCount "101"]
[EventDate "2020.07.23"]
[EventType "swiss (blitz)"]

1. e4 {[%emt 0:00:02]} g6 {[%emt 0:00:00]} 2. d4 {[%emt 0:00:01]} Bg7 {[%emt 0:00:00]} 3. Nc3 {[%emt 0:00:02]} d6 {[%emt 0:00:00]} 4. Be3 {[%emt 0:00:01]} Nf6 {[%emt 0:00:00]} 5. Qf3 {[%emt 0:00:01]} Ng4 {[%emt 0:00:02]} 6. O-O-O {[%emt 0:00:02]} Nxe3 {[%emt 0:00:01]} 7. fxe3 {[%emt 0:00:01]} O-O {[%emt 0:00:01]} 8. g4 {[%emt 0:00:02]} Nc6 {[%emt 0:00:02]} 9. h4 {[%emt 0:00:01]} f5 {[%emt 0:00:02]} 10. exf5 {[%emt 0:00:01]} gxf5 {[%emt 0:00:01]} 11. g5 {[%emt 0:00:01]} e5 {[%emt 0:00:01]} 12. Bc4+ {[%emt 0:00:04]} Kh8 {[%emt 0:00:02]} 13. Nge2 {[%emt 0:00:01]} Qe7 {[%emt 0:00:03]} 14. h5 {[%emt 0:00:03]} Be6 {[%emt 0:00:01]} 15. Bxe6 {[%emt 0:00:02]} Qxe6 {[%emt 0:00:01]} 16. d5 {[%emt 0:00:00]} e4 {[%emt 0:00:02]} 17. Qg3 {[%emt 0:00:06]} Be5 {[%emt 0:00:04]} 18. dxe6 {[%emt 0:00:02]} Bxg3 {[%emt 0:00:01]} 19. Nxg3 {[%emt 0:00:00]} Rae8 {[%emt 0:00:02]} 20. Nd5 {[%emt 0:00:01]} Rxe6 {[%emt 0:00:01]} 21. Nxc7 {[%emt 0:00:01]} Re7 {[%emt 0:00:01]} 22. Nd5 {[%emt 0:00:01]} Re5 {[%emt 0:00:01]} 23. Nf4 {[%emt 0:00:00]} d5 {[%emt 0:00:01]} 24. g6 {[%emt 0:00:00]} d4 {[%emt 0:00:02]} 25. gxh7 {[%emt 0:00:03]} Kxh7 {[%emt 0:00:01]} 26. Ng6 {[%emt 0:00:01]} Rfe8 {[%emt 0:00:01]} 27. exd4 {[%emt 0:00:01]} Ra5 {[%emt 0:00:02]} 28. a3 {[%emt 0:00:02]} e3 {[%emt 0:00:02]} 29. Ne2 {[%emt 0:00:01]} Rd5 {[%emt 0:00:03]} 30. c4 {[%emt 0:00:01]} Rd7 {[%emt 0:00:01]} 31. d5 {[%emt 0:00:01]} Na5 {[%emt 0:00:01]} 32. Rd4 {[%emt 0:00:02]} Nb3+ {[%emt 0:00:01]} 33. Kc2 {[%emt 0:00:01]} Nxd4+ {[%emt 0:00:00]} 34. Nxd4 {[%emt 0:00:00]} e2 {[%emt 0:00:00]} 35. Re1 {[%emt 0:00:01]} Re4 {[%emt 0:00:01]} 36. Rxe2 {[%emt 0:00:01]} Rxd4 {[%emt 0:00:01]} 37. Re6 {[%emt 0:00:01]} Rg7 {[%emt 0:00:01]} 38. Ne5 {[%emt 0:00:01]} Rh4 {[%emt 0:00:02]} 39. Ng6 {[%emt 0:00:02]} Rxh5 {[%emt 0:00:01]} 40. Nf8+ {[%emt 0:00:00]} Kg8 {[%emt 0:00:01]} 41. Nd7 {[%emt 0:00:01]} Rh2+ {[%emt 0:00:01]} 42. Kc3 {[%emt 0:00:00]} Rg3+ {[%emt 0:00:01]} 43. Kb4 {[%emt 0:00:00]} Rc2 {[%emt 0:00:01]} 44. Kc5 {[%emt 0:00:00]} Rxb2 {[%emt 0:00:01]} 45. Kd6 {[%emt 0:00:00]} Rc2 {[%emt 0:00:00]} 46. Nf6+ {[%emt 0:00:00]} Kf7 {[%emt 0:00:02]} 47. Nh5 {[%emt 0:00:00]} Rxc4 {[%emt 0:00:02]} 48. Nf4 {[%emt 0:00:00]} Rxf4 {[%emt 0:00:01]} 49. Re7+ {[%emt 0:00:00]} Kf6 {[%emt 0:00:01]} 50. Re6+ {[%emt 0:00:00]} Kg5 {[%emt 0:00:00]} 51. Rg6+ {[%emt 0:00:01] Time (Lag: Av=0.29s, max=0.5s)} 1-0

[Event "Stay Safe Play From Home 325"]
[Site "Mustafa Kemal Atatürk"]
[Date "2020.07.23"]
[Round "5"]
[White "Stefanone"]
[Black "SoulofWolf"]
[Result "0-1"]
[WhiteElo "2063"]
[BlackElo "2074"]
[Annotator "NA"]
[PlyCount "68"]
[EventDate "2020.07.23"]
[EventType "swiss (blitz)"]

1. e4 {[%emt 0:00:01]} c5 {[%emt 0:00:00]} 2. d3 {[%emt 0:00:00]} e6 {[%emt 0:00:00]} 3. Nd2 {[%emt 0:00:00]} a6 {[%emt 0:00:01]} 4. Ngf3 {[%emt 0:00:00]} b5 {[%emt 0:00:00]} 5. Be2 {[%emt 0:00:00]} Bb7 {[%emt 0:00:00]} 6. O-O {[%emt 0:00:00]} d6 {[%emt 0:00:00]} 7. c3 {[%emt 0:00:00]} Nd7 {[%emt 0:00:00]} 8. Qc2 {[%emt 0:00:00]} g6 {[%emt 0:00:01]} 9. b3 {[%emt 0:00:01]} Bg7 {[%emt 0:00:00]} 10. Bb2 {[%emt 0:00:01]} Ngf6 {[%emt 0:00:01]} 11. d4 {[%emt 0:00:02]} Qc7 {[%emt 0:00:02]} 12. e5 {[%emt 0:00:01]} dxe5 {[%emt 0:00:01]} 13. dxe5 {[%emt 0:00:00]} Nxe5 {[%emt 0:00:01]} 14. Nxe5 {[%emt 0:00:01]} Qxe5 {[%emt 0:00:00]} 15. c4 {[%emt 0:00:00]} Qxe2 {[%emt 0:00:01]} 16. Rae1 {[%emt 0:00:03]} Qg4 {[%emt 0:00:01]} 17. f3 {[%emt 0:00:03]} Qg5 {[%emt 0:00:02]} 18. Ne4 {[%emt 0:00:02]} Qf5 {[%emt 0:00:07]} 19. g4 {[%emt 0:00:01]} Qf4 {[%emt 0:00:04]} 20. Nd6+ {[%emt 0:00:02]} Qxd6 {[%emt 0:00:02]} 21. Qe2 {[%emt 0:00:02]} O-O {[%emt 0:00:02]} 22. Be5 {[%emt 0:00:01]} Qe7 {[%emt 0:00:02]} 23. Kg2 {[%emt 0:00:00]} Rad8 {[%emt 0:00:01]} 24. Qf2 {[%emt 0:00:01]} Nd7 {[%emt 0:00:03]} 25. Bg3 {[%emt 0:00:02]} f5 {[%emt 0:00:04]} 26. h3 {[%emt 0:00:03]} h5 {[%emt 0:00:01]} 27. gxh5 {[%emt 0:00:01]} Qg5 {[%emt 0:00:03]} 28. Kh2 {[%emt 0:00:01]} Qxh5 {[%emt 0:00:01]} 29. Rxe6 {[%emt 0:00:02]} Nf6 {[%emt 0:00:01]} 30. Be5 {[%emt 0:00:03]} Ng4+ {[%emt 0:00:05]} 31. fxg4 {[%emt 0:00:02]} fxg4 {[%emt 0:00:00]} 32. Qg3 {[%emt 0:00:01]} Rxf1 {[%emt 0:00:03]} 33. Bxg7 {[%emt 0:00:01]} Rd2+ {[%emt 0:00:02]} 34. Qg2 {[%emt 0:00:04]} Rxg2# {[%emt 0:00:01] (Lag: Av=0.24s, max=0.5s)} 0-1

[Event "Stay Safe Play From Home 325"]
[Site "Mustafa Kemal Atatürk"]
[Date "2020.07.23"]
[Round "5"]
[White "Lazieri3"]
[Black "Greblha"]
[Result "1-0"]
[WhiteElo "2044"]
[BlackElo "1935"]
[Annotator "NA"]
[PlyCount "95"]
[EventDate "2020.07.23"]
[EventType "swiss (blitz)"]

1. e4 {[%emt 0:00:01]} c6 {[%emt 0:00:00]} 2. Nc3 {[%emt 0:00:01]} d5 {[%emt 0:00:00]} 3. d4 {[%emt 0:00:00]} dxe4 {[%emt 0:00:01]} 4. Nxe4 {[%emt 0:00:00]} Nf6 {[%emt 0:00:00]} 5. Nxf6+ {[%emt 0:00:00]} gxf6 {[%emt 0:00:00]} 6. Nf3 {[%emt 0:00:00]} Bg4 {[%emt 0:00:00]} 7. c3 {[%emt 0:00:00]} e6 {[%emt 0:00:01]} 8. Be2 {[%emt 0:00:00]} Bd6 {[%emt 0:00:01]} 9. h3 {[%emt 0:00:01]} Bh5 {[%emt 0:00:01]} 10. Be3 {[%emt 0:00:00]} Qc7 {[%emt 0:00:01]} 11. Nd2 {[%emt 0:00:01]} Bxe2 {[%emt 0:00:01]} 12. Qxe2 {[%emt 0:00:00]} Bf4 {[%emt 0:00:00]} 13. Bxf4 {[%emt 0:00:01]} Qxf4 {[%emt 0:00:01]} 14. Qe3 {[%emt 0:00:00]} Qxe3+ {[%emt 0:00:01]} 15. fxe3 {[%emt 0:00:00]} f5 {[%emt 0:00:00]} 16. e4 {[%emt 0:00:01]} fxe4 {[%emt 0:00:02]} 17. Nxe4 {[%emt 0:00:00]} Ke7 {[%emt 0:00:03]} 18. O-O {[%emt 0:00:02]} Nd7 {[%emt 0:00:02]} 19. Rae1 {[%emt 0:00:02]} Rhg8 {[%emt 0:00:03]} 20. Kh2 {[%emt 0:00:02]} Rg6 {[%emt 0:00:02]} 21. Rf2 {[%emt 0:00:01]} Rag8 {[%emt 0:00:01]} 22. Ref1 {[%emt 0:00:01]} R8g7 {[%emt 0:00:01]} 23. b4 {[%emt 0:00:03]} f5 {[%emt 0:00:01]} 24. Nc5 {[%emt 0:00:01]} Nxc5 {[%emt 0:00:01]} 25. bxc5 {[%emt 0:00:00]} Kf6 {[%emt 0:00:01]} 26. Re1 {[%emt 0:00:01]} h5 {[%emt 0:00:02]} 27. Rfe2 {[%emt 0:00:01]} Kf7 {[%emt 0:00:01]} 28. Rb1 {[%emt 0:00:02]} h4 {[%emt 0:00:01]} 29. Rxb7+ {[%emt 0:00:01]} Kf6 {[%emt 0:00:02]} 30. Rxg7 {[%emt 0:00:02]} Rxg7 {[%emt 0:00:11]} 31. Rb2 {[%emt 0:00:00]} Rc7 {[%emt 0:00:02]} 32. Rb8 {[%emt 0:00:02]} e5 {[%emt 0:00:01]} 33. Rf8+ {[%emt 0:00:02]} Kg5 {[%emt 0:00:01]} 34. dxe5 {[%emt 0:00:02]} Kf4 {[%emt 0:00:01]} 35. e6 {[%emt 0:00:01]} Re7 {[%emt 0:00:01]} 36. Ra8 {[%emt 0:00:06]} Rxe6 {[%emt 0:00:01]} 37. Rxa7 {[%emt 0:00:01]} Re5 {[%emt 0:00:01]} 38. Ra4+ {[%emt 0:00:01]} Kg5 {[%emt 0:00:03]} 39. Rc4 {[%emt 0:00:00]} Rd5 {[%emt 0:00:01]} 40. a4 {[%emt 0:00:01]} f4 {[%emt 0:00:00]} 41. a5 {[%emt 0:00:01]} Kf5 {[%emt 0:00:01]} 42. a6 {[%emt 0:00:01]} Rd7 {[%emt 0:00:01]} 43. Rb4 {[%emt 0:00:02]} Ra7 {[%emt 0:00:01]} 44. Rb6 {[%emt 0:00:00]} Ke4 {[%emt 0:00:01]} 45. Rxc6 {[%emt 0:00:00]} Kd3 {[%emt 0:00:02]} 46. Rf6 {[%emt 0:00:02]} Kxc3 {[%emt 0:00:01]} 47. Rxf4 {[%emt 0:00:01]} Rxa6 {[%emt 0:00:00]} 48. Rxh4 {[%emt 0:00:00] Zeit (Lag: Av=0.66s, max=1.2s)} 1-0

[Event "Stay Safe Play From Home 325"]
[Site "Mustafa Kemal Atatürk"]
[Date "2020.07.23"]
[Round "5"]
[White "Klausen"]
[Black "SelamiSahin"]
[Result "0-1"]
[WhiteElo "1795"]
[BlackElo "1884"]
[Annotator "NA"]
[PlyCount "74"]
[EventDate "2020.07.23"]
[EventType "swiss (blitz)"]

1. Nf3 {[%emt 0:00:02]} c6 {[%emt 0:00:00]} 2. d4 {[%emt 0:00:01]} d5 {[%emt 0:00:00]} 3. e3 {[%emt 0:00:01]} Nf6 {[%emt 0:00:00]} 4. c4 {[%emt 0:00:01]} g6 {[%emt 0:00:00]} 5. Nc3 {[%emt 0:00:01]} Bg7 {[%emt 0:00:00]} 6. Bd3 {[%emt 0:00:01]} O-O {[%emt 0:00:00]} 7. O-O {[%emt 0:00:01]} Bg4 {[%emt 0:00:00]} 8. h3 {[%emt 0:00:01]} Bxf3 {[%emt 0:00:01]} 9. Qxf3 {[%emt 0:00:01]} e6 {[%emt 0:00:00]} 10. Rd1 {[%emt 0:00:02]} Nbd7 {[%emt 0:00:00]} 11. b3 {[%emt 0:00:01]} Rc8 {[%emt 0:00:03]} 12. Bb2 {[%emt 0:00:01]} Re8 {[%emt 0:00:00]} 13. Rac1 {[%emt 0:00:01]} Qa5 {[%emt 0:00:01]} 14. a3 {[%emt 0:00:02]} a6 {[%emt 0:00:02]} 15. b4 {[%emt 0:00:01]} Qd8 {[%emt 0:00:03]} 16. e4 {[%emt 0:00:01]} dxe4 {[%emt 0:00:00]} 17. Bxe4 {[%emt 0:00:01]} Nxe4 {[%emt 0:00:00]} 18. Nxe4 {[%emt 0:00:01]} Nf6 {[%emt 0:00:00]} 19. Nxf6+ {[%emt 0:00:03]} Bxf6 {[%emt 0:00:00]} 20. Ba1 {[%emt 0:00:02]} Bg7 {[%emt 0:00:04]} 21. d5 {[%emt 0:00:02]} cxd5 {[%emt 0:00:00]} 22. Bxg7 {[%emt 0:00:03]} Kxg7 {[%emt 0:00:01]} 23. cxd5 {[%emt 0:00:02]} Rxc1 {[%emt 0:00:00]} 24. Rxc1 {[%emt 0:00:02]} Qxd5 {[%emt 0:00:01]} 25. Qxd5 {[%emt 0:00:02]} exd5 {[%emt 0:00:00]} 26. Rc7 {[%emt 0:00:04]} b6 {[%emt 0:00:01]} 27. Rd7 {[%emt 0:00:03]} Re1+ {[%emt 0:00:02]} 28. Kh2 {[%emt 0:00:02]} Ra1 {[%emt 0:00:02]} 29. Rxd5 {[%emt 0:00:02]} Rxa3 {[%emt 0:00:01]} 30. Rd6 {[%emt 0:00:01]} b5 {[%emt 0:00:01]} 31. f4 {[%emt 0:00:02]} Ra4 {[%emt 0:00:01]} 32. g4 {[%emt 0:00:02]} h6 {[%emt 0:00:01]} 33. f5 {[%emt 0:00:01]} gxf5 {[%emt 0:00:01]} 34. gxf5 {[%emt 0:00:01]} Rxb4 {[%emt 0:00:01]} 35. Rxa6 {[%emt 0:00:01]} Rf4 {[%emt 0:00:01]} 36. f6+ {[%emt 0:00:01]} Rxf6 {[%emt 0:00:01]} 37. Rxf6 {[%emt 0:00:02]} Kxf6 {[%emt 0:00:00] Zeit (Lag: Av=0.40s, max=0.8s)} 0-1

[Event "Stay Safe Play From Home 325"]
[Site "Mustafa Kemal Atatürk"]
[Date "2020.07.23"]
[Round "5"]
[White "Trotsky"]
[Black "Mamba2001de"]
[Result "1-0"]
[WhiteElo "1582"]
[BlackElo "1459"]
[Annotator "NA"]
[PlyCount "57"]
[EventDate "2020.07.23"]
[EventType "swiss (blitz)"]

1. d4 {[%emt 0:00:01]} e6 {[%emt 0:00:01]} 2. e3 {[%emt 0:00:01]} d5 {[%emt 0:00:01]} 3. c4 {[%emt 0:00:01]} Nf6 {[%emt 0:00:01]} 4. Nc3 {[%emt 0:00:01]} Bd6 {[%emt 0:00:01]} 5. Nf3 {[%emt 0:00:01]} a6 {[%emt 0:00:01]} 6. c5 {[%emt 0:00:00]} Be7 {[%emt 0:00:01]} 7. Bd3 {[%emt 0:00:01]} O-O {[%emt 0:00:01]} 8. Qc2 {[%emt 0:00:01]} c6 {[%emt 0:00:02]} 9. Ng5 {[%emt 0:00:01]} h6 {[%emt 0:00:02]} 10. h4 {[%emt 0:00:01]} Nbd7 {[%emt 0:00:03]} 11. Bd2 {[%emt 0:00:01]} Ne4 {[%emt 0:00:01]} 12. Ncxe4 {[%emt 0:00:03]} dxe4 {[%emt 0:00:01]} 13. Bxe4 {[%emt 0:00:01]} Nf6 {[%emt 0:00:01]} 14. Bd3 {[%emt 0:00:03]} b6 {[%emt 0:00:01]} 15. e4 {[%emt 0:00:01]} bxc5 {[%emt 0:00:02]} 16. e5 {[%emt 0:00:01]} Nd5 {[%emt 0:00:02]} 17. Bh7+ {[%emt 0:00:01]} Kh8 {[%emt 0:00:02]} 18. Bg8 {[%emt 0:00:01]} f5 {[%emt 0:00:16]} 19. exf6 {[%emt 0:00:02]} Nxf6 {[%emt 0:00:01]} 20. Bh7 {[%emt 0:00:01]} Qd5 {[%emt 0:00:06]} 21. b3 {[%emt 0:00:04]} cxd4 {[%emt 0:00:01]} 22. O-O-O {[%emt 0:00:02]} d3 {[%emt 0:00:01]} 23. Bxd3 {[%emt 0:00:03]} e5 {[%emt 0:00:03]} 24. Bc3 {[%emt 0:00:02]} e4 {[%emt 0:00:01]} 25. Bc4 {[%emt 0:00:01]} Qf5 {[%emt 0:00:04]} 26. f3 {[%emt 0:00:05]} Ba3+ {[%emt 0:00:01]} 27. Kb1 {[%emt 0:00:01]} Bb7 {[%emt 0:00:01]} 28. g4 {[%emt 0:00:01]} Qf4 {[%emt 0:00:02]} 29. Bxf6 {[%emt 0:00:02] Zeit (Lag: Av=0.30s, max=0.8s) '} 1-0

[Event "Stay Safe Play From Home 325"]
[Site "Mustafa Kemal Atatürk"]
[Date "2020.07.23"]
[Round "5"]
[White "Klasman"]
[Black "Haris kollari 13"]
[Result "0-1"]
[WhiteElo "1395"]
[BlackElo "1614"]
[Annotator "NA"]
[PlyCount "42"]
[EventDate "2020.07.23"]
[EventType "swiss (blitz)"]

1. f4 {[%emt 0:00:01]} d5 {[%emt 0:00:01]} 2. Nf3 {[%emt 0:00:01]} c5 {[%emt 0:00:01]} 3. e3 {[%emt 0:00:01]} Nc6 {[%emt 0:00:00]} 4. c4 {[%emt 0:00:01]} e6 {[%emt 0:00:02]} 5. Nc3 {[%emt 0:00:02]} Nf6 {[%emt 0:00:01]} 6. d4 {[%emt 0:00:01]} cxd4 {[%emt 0:00:01]} 7. exd4 {[%emt 0:00:02]} dxc4 {[%emt 0:00:01]} 8. Bxc4 {[%emt 0:00:02]} Bd6 {[%emt 0:00:01]} 9. Bb5 {[%emt 0:00:02]} O-O {[%emt 0:00:02]} 10. Bxc6 {[%emt 0:00:01]} bxc6 {[%emt 0:00:01]} 11. O-O {[%emt 0:00:02]} Qc7 {[%emt 0:00:02]} 12. Be3 {[%emt 0:00:02]} Bxf4 {[%emt 0:00:03]} 13. Bxf4 {[%emt 0:00:05]} Qxf4 {[%emt 0:00:01]} 14. Ne5 {[%emt 0:00:03]} Qe3+ {[%emt 0:00:01]} 15. Kh1 {[%emt 0:00:01]} Bb7 {[%emt 0:00:02]} 16. Rf3 {[%emt 0:00:01]} Qh6 {[%emt 0:00:04]} 17. Rh3 {[%emt 0:00:04]} Qg5 {[%emt 0:00:02]} 18. Qc2 {[%emt 0:00:04]} c5 {[%emt 0:00:03]} 19. Rf1 {[%emt 0:00:03]} cxd4 {[%emt 0:00:04]} 20. Rxf6 {[%emt 0:00:03]} Bxg2+ {[%emt 0:00:04]} 21. Kg1 {[%emt 0:00:13]} Bxh3+ {[%emt 0:00:02] Time (Lag: Av=0.42s, max=0.9s)} 0-1

[Event "Stay Safe Play From Home 325"]
[Site "Mustafa Kemal Atatürk"]
[Date "2020.07.23"]
[Round "5"]
[White "Mandy"]
[Black "Meini"]
[Result "0-1"]
[WhiteElo "874"]
[BlackElo "1565"]
[Annotator "NA"]
[PlyCount "32"]
[EventDate "2020.07.23"]
[EventType "swiss (blitz)"]

1. d4 {[%emt 0:00:03]} d5 {[%emt 0:00:02]} 2. Bf4 {[%emt 0:00:01]} c6 {[%emt 0:00:01]} 3. e3 {[%emt 0:00:01]} Bf5 {[%emt 0:00:01]} 4. Nf3 {[%emt 0:00:03]} e6 {[%emt 0:00:00]} 5. h3 {[%emt 0:00:02]} Bd6 {[%emt 0:00:01]} 6. Bd3 {[%emt 0:00:04]} Bg6 {[%emt 0:00:02]} 7. Bxd6 {[%emt 0:00:04]} Qxd6 {[%emt 0:00:01]} 8. c3 {[%emt 0:00:02]} Nf6 {[%emt 0:00:02]} 9. Qc2 {[%emt 0:00:04]} Nbd7 {[%emt 0:00:01]} 10. Nbd2 {[%emt 0:00:01]} e5 {[%emt 0:00:01]} 11. O-O {[%emt 0:00:02]} e4 {[%emt 0:00:01]} 12. Bxe4 {[%emt 0:00:09]} Nxe4 {[%emt 0:00:03]} 13. Nxe4 {[%emt 0:00:03]} Bxe4 {[%emt 0:00:01]} 14. Qd2 {[%emt 0:00:06]} Nf6 {[%emt 0:00:03]} 15. Ne5 {[%emt 0:00:09]} O-O {[%emt 0:00:03]} 16. f3 {[%emt 0:00:05]} Bg6 {[%emt 0:00:02] Zeit (Lag: Av=0.48s, max=0.6s)} 0-1

[Event "Stay Safe Play From Home 325"]
[Site "Mustafa Kemal Atatürk"]
[Date "2020.07.23"]
[Round "6"]
[White "Dj amir"]
[Black "Mepe_Nika"]
[Result "1-0"]
[WhiteElo "2436"]
[BlackElo "2379"]
[PlyCount "165"]
[EventDate "2020.07.23"]
[EventType "swiss (blitz)"]

1. e4 {[%emt 0:00:01]} c6 {[%emt 0:00:01]} 2. Nc3 {[%emt 0:00:01]} d5 {[%emt 0:00:00]} 3. d3 {[%emt 0:00:00]} dxe4 {[%emt 0:00:01]} 4. dxe4 {[%emt 0:00:00]} Qxd1+ {[%emt 0:00:01]} 5. Nxd1 {[%emt 0:00:01]} e5 {[%emt 0:00:01]} 6. Bc4 {[%emt 0:00:01]} Bd6 {[%emt 0:00:01]} 7. Be3 {[%emt 0:00:01]} Ne7 {[%emt 0:00:01]} 8. f3 {[%emt 0:00:01]} b5 {[%emt 0:00:01]} 9. Bb3 {[%emt 0:00:00]} a5 {[%emt 0:00:01]} 10. a4 {[%emt 0:00:00]} b4 {[%emt 0:00:01]} 11. Ne2 {[%emt 0:00:01]} Nd7 {[%emt 0:00:01]} 12. Nc1 {[%emt 0:00:02]} Nc5 {[%emt 0:00:01]} 13. Bc4 {[%emt 0:00:01]} Ba6 {[%emt 0:00:01]} 14. Bxa6 {[%emt 0:00:01]} Rxa6 {[%emt 0:00:01]} 15. Nf2 {[%emt 0:00:03]} Kd7 {[%emt 0:00:02]} 16. Nfd3 {[%emt 0:00:00]} Nxd3+ {[%emt 0:00:01]} 17. Nxd3 {[%emt 0:00:00]} Ke6 {[%emt 0:00:01]} 18. O-O-O {[%emt 0:00:01]} Raa8 {[%emt 0:00:02]} 19. Bc5 {[%emt 0:00:01]} Rhd8 {[%emt 0:00:01]} 20. Bxd6 {[%emt 0:00:00]} Kxd6 {[%emt 0:00:01]} 21. Nxb4+ {[%emt 0:00:02]} Kc7 {[%emt 0:00:01]} 22. Nd3 {[%emt 0:00:01]} f6 {[%emt 0:00:01]} 23. Nc5 {[%emt 0:00:00]} Kb6 {[%emt 0:00:01]} 24. Ne6 {[%emt 0:00:04]} Rxd1+ {[%emt 0:00:05]} 25. Rxd1 {[%emt 0:00:00]} g6 {[%emt 0:00:02]} 26. g3 {[%emt 0:00:10]} f5 {[%emt 0:00:05]} 27. Ng5 {[%emt 0:00:02]} h6 {[%emt 0:00:01]} 28. Nf7 {[%emt 0:00:01]} fxe4 {[%emt 0:00:01]} 29. fxe4 {[%emt 0:00:00]} h5 {[%emt 0:00:01]} 30. Nxe5 {[%emt 0:00:01]} Re8 {[%emt 0:00:02]} 31. Nd7+ {[%emt 0:00:02]} Kc7 {[%emt 0:00:01]} 32. Nc5 {[%emt 0:00:00]} Nc8 {[%emt 0:00:01]} 33. c3 {[%emt 0:00:03]} Re5 {[%emt 0:00:01]} 34. b4 {[%emt 0:00:00]} axb4 {[%emt 0:00:01]} 35. cxb4 {[%emt 0:00:00]} Nb6 {[%emt 0:00:01]} 36. Rd4 {[%emt 0:00:02]} h4 {[%emt 0:00:02]} 37. Kd2 {[%emt 0:00:01]} hxg3 {[%emt 0:00:01]} 38. hxg3 {[%emt 0:00:00]} Rg5 {[%emt 0:00:00]} 39. Rd3 {[%emt 0:00:00]} Rh5 {[%emt 0:00:01]} 40. Ke3 {[%emt 0:00:01]} Rh2 {[%emt 0:00:00]} 41. Kf4 {[%emt 0:00:02]} Rf2+ {[%emt 0:00:01]} 42. Kg5 {[%emt 0:00:01]} Rb2 {[%emt 0:00:00]} 43. Rd4 {[%emt 0:00:02]} Nc8 {[%emt 0:00:02]} 44. a5 {[%emt 0:00:01]} Nd6 {[%emt 0:00:00]} 45. e5 {[%emt 0:00:00]} Nf7+ {[%emt 0:00:01]} 46. Kf6 {[%emt 0:00:00]} Nxe5 {[%emt 0:00:00]} 47. Kxe5 {[%emt 0:00:01]} Re2+ {[%emt 0:00:00]} 48. Re4 {[%emt 0:00:00]} Rf2 {[%emt 0:00:00]} 49. Kd4 {[%emt 0:00:01]} Ra2 {[%emt 0:00:00]} 50. Ke5 {[%emt 0:00:01]} Kd8 {[%emt 0:00:00]} 51. Rd4+ {[%emt 0:00:00]} Ke8 {[%emt 0:00:00]} 52. Ne4 {[%emt 0:00:00]} Kf7 {[%emt 0:00:00]} 53. Nf6 {[%emt 0:00:00]} Kg7 {[%emt 0:00:00]} 54. Rd7+ {[%emt 0:00:00]} Kh6 {[%emt 0:00:00]} 55. Ng4+ {[%emt 0:00:00]} Kg5 {[%emt 0:00:00]} 56. Ne3 {[%emt 0:00:00]} Kh5 {[%emt 0:00:01]} 57. Ke4 {[%emt 0:00:00]} Kg5 {[%emt 0:00:00]} 58. Rf7 {[%emt 0:00:01]} Re2 {[%emt 0:00:00]} 59. Rb7 {[%emt 0:00:01]} Kh6 {[%emt 0:00:00]} 60. Rb6 {[%emt 0:00:00]} Kh5 {[%emt 0:00:01]} 61. a6 {[%emt 0:00:00]} Kg5 {[%emt 0:00:00]} 62. Rxc6 {[%emt 0:00:00]} Kh6 {[%emt 0:00:00]} 63. Rc5 {[%emt 0:00:00]} Rxe3+ {[%emt 0:00:00]} 64. Kxe3 {[%emt 0:00:01]} Kg7 {[%emt 0:00:00]} 65. Rc4 {[%emt 0:00:00]} g5 {[%emt 0:00:00]} 66. Rf4 {[%emt 0:00:00]} Kg6 {[%emt 0:00:00]} 67. Rg4 {[%emt 0:00:00]} Kh5 {[%emt 0:00:00]} 68. Rxg5+ {[%emt 0:00:00]} Kxg5 {[%emt 0:00:00]} 69. a7 {[%emt 0:00:00]} Kg4 {[%emt 0:00:00]} 70. a8=Q {[%emt 0:00:00]} Kh3 {[%emt 0:00:00]} 71. Qb7 {[%emt 0:00:00]} Kg4 {[%emt 0:00:00]} 72. Qc6 {[%emt 0:00:00]} Kh3 {[%emt 0:00:00]} 73. b5 {[%emt 0:00:00]} Kg4 {[%emt 0:00:00]} 74. b6 {[%emt 0:00:00]} Kh3 {[%emt 0:00:00]} 75. b7 {[%emt 0:00:00]} Kg4 {[%emt 0:00:00]} 76. b8=Q {[%emt 0:00:00]} Kh3 {[%emt 0:00:00]} 77. Qbc8+ {[%emt 0:00:00]} Kh2 {[%emt 0:00:01]} 78. Q8d7 {[%emt 0:00:00]} Kg1 {[%emt 0:00:00]} 79. Qde6 {[%emt 0:00:00]} Kf1 {[%emt 0:00:00]} 80. Qf5+ {[%emt 0:00:00]} Kg1 {[%emt 0:00:00]} 81. Qg4 {[%emt 0:00:00]} Kh2 {[%emt 0:00:00]} 82. Qh3+ {[%emt 0:00:00]} Kg1 {[%emt 0:00:00]} 83. Qhg2# {[%emt 0:00:00] (Lag: Av=0.50s, max=1.1s)} 1-0